[Event "XXVIII Torneo Magistral Internacional de Elgoibar"]
[Site "Elgoibar"]
[Date "2018.12.14"]
[Round "4.3"]
[White "Martinez Fernandez, Adrian"]
[Black "Oratovsky, Michael"]
[Result "1/2-1/2"]
[WhiteTitle "FM"]
[BlackTitle "GM"]
[WhiteFideId "32049048"]
[BlackFideId "2802090"]
[WhiteElo "2212"]
[BlackElo "2464"]

1. e4 {[%emt 00:21:42]} d6 {[%emt 00:03:57]} 2. d4 {[%emt 00:00:11]} Nf6 {[%emt
00:00:07]} 3. Nc3 {[%emt 00:00:13]} e5 {[%emt 00:01:09]} 4. Nf3 {[%emt
00:00:39]} Nbd7 {[%emt 00:01:18]} 5. a4 {[%emt 00:00:25]} Be7 {[%emt 00:00:40]}
6. Bc4 {[%emt 00:00:11]} O-O {[%emt 00:01:02]} 7. O-O {[%emt 00:00:16]} c6
{[%emt 00:00:30]} 8. Re1 {[%emt 00:00:28]} exd4 {[%emt 00:05:09]} 9. Nxd4
{[%emt 00:04:06]} Ne5 {[%emt 00:01:01]} 10. Be2 {[%emt 00:01:11]} Re8 {[%emt
00:18:55]} 11. f4 {[%emt 00:09:51]} Ng6 {[%emt 00:01:22]} 12. g3 {[%emt
00:13:30]} Bh3 {[%emt 00:10:18]} 13. Bf3 {[%emt 00:05:03]} Qd7 {[%emt
00:04:09]} 14. a5 {[%emt 00:06:59]} Rad8 {[%emt 00:16:11]} 15. a6 {[%emt
00:15:12]} b5 {[%emt 00:13:11]} 16. e5 {[%emt 00:04:49]} dxe5 {[%emt 00:00:12]}
17. Nxc6 {[%emt 00:00:11]} Bc5+ {[%emt 00:03:18]} 18. Be3 {[%emt 00:01:03]}
Qxd1 {[%emt 00:04:44]} 19. Nxd1 {[%emt 00:03:33]} exf4 {[%emt 00:01:35]} 20.
Nxd8 {[%emt 00:03:53]} fxe3 {[%emt 00:00:27]} 21. Nb7 {[%emt 00:01:00]} Bb6
{[%emt 00:00:19]} 22. b4 {[%emt 00:08:24]} Ne5 {[%emt 00:08:39]} 23. Be2 {[%emt
00:01:29]} Ne4 {[%emt 00:01:32]} 24. Nc5 {[%emt 00:03:07]} Nxc5 {[%emt
00:02:14]} 25. bxc5 {[%emt 00:00:05]} Bxc5 {[%emt 00:00:03]} 26. Rb1 {[%emt
00:00:44]} b4 {[%emt 00:01:13]} 27. Rb3 {[%emt 00:01:20]} Be6 {[%emt 00:01:00]}
28. Rb1 {[%emt 00:04:41]} Bd5 {[%emt 00:00:28]} 29. Nb2 {[%emt 00:01:36]} Nf3+
{[%emt 00:00:36]} 30. Bxf3 {[%emt 00:00:05]} Bxf3 {[%emt 00:00:03]} 31. Nd3
{[%emt 00:00:07]} Bd4 {[%emt 00:00:56]} 32. Rxb4 {[%emt 00:00:46]} Bb6 {[%emt
00:00:19]} 33. c4 {[%emt 00:03:40]} g6 {[%emt 00:00:40]} 34. c5 {[%emt
00:05:46]} Ba5 {[%emt 00:00:18]} 35. Rb7 {[%emt 00:00:27]} Bxe1 {[%emt
00:00:46]} 36. Nxe1 {[%emt 00:00:01]} Be4 {[%emt 00:00:33]} 37. Rxa7 {[%emt
00:00:28]} Re6 {[%emt 00:00:15]} 38. Kf1 {[%emt 00:01:02]} Bd5 {[%emt
00:00:37]} 39. Nc2 {[%emt 00:01:35]} Bc4+ {[%emt 00:00:26]} 40. Ke1 {[%emt
00:00:49]} Bxa6 {[%emt 00:00:10]} 41. Ra8+ {[%emt 00:01:25]} Kg7 42. Rb8 Bd3
{[%emt 00:00:05]} 43. Nb4 {[%emt 00:00:32]} Bc4 {[%emt 00:00:12]} 44. Nc2
{[%emt 00:01:16]} Bd3 {[%emt 00:00:56]} 45. Nb4 Bc4 {[%emt 00:00:11]} 46. Nc2
e2 {[%emt 00:00:10]} 47. Rb4 {[%emt 00:01:22]} Bd3 {[%emt 00:01:08]} 48. Nd4
{[%emt 00:00:06]} Rf6 {[%emt 00:01:12]} 49. Kd2 Rf2 {[%emt 00:00:25]} 50. c6
{[%emt 00:00:52]} Ba6 {[%emt 00:00:27]} 51. c7 {[%emt 00:00:22]} Rxh2 {[%emt
00:00:33]} 52. Rb6 {[%emt 00:00:44]} Bc8 {[%emt 00:00:30]} 53. Rb8 {[%emt
00:00:09]} Bg4 {[%emt 00:00:27]} 54. c8=Q {[%emt 00:00:29]} Bxc8 {[%emt
00:00:26]} 55. Rxc8 {[%emt 00:00:04]} h5 {[%emt 00:00:34]} 56. Nxe2 {[%emt
00:00:04]} h4 {[%emt 00:00:11]} 57. gxh4 {[%emt 00:00:04]} Rxh4 {[%emt
00:00:11]} 1/2-1/2

[Event "XXVIII Torneo Magistral Internacional de Elgoibar"]
[Site "Elgoibar"]
[Date "2018.12.14"]
[Round "4.4"]
[White "Napoli, Nicolo"]
[Black "Strikovic, Aleksa"]
[Result "0-1"]
[WhiteTitle "FM"]
[BlackTitle "GM"]
[WhiteFideId "813702"]
[BlackFideId "900150"]
[WhiteElo "2289"]
[BlackElo "2488"]

1. d4 {[%emt 00:21:42]} d6 {[%emt 00:02:57]} 2. c4 {[%emt 00:00:11]} e5 {[%emt
00:00:06]} 3. Nc3 {[%emt 00:01:29]} exd4 {[%emt 00:00:30]} 4. Qxd4 {[%emt
00:00:05]} Nc6 {[%emt 00:00:05]} 5. Qd2 {[%emt 00:00:06]} Nf6 {[%emt 00:00:06]}
6. b3 {[%emt 00:00:21]} a5 {[%emt 00:00:13]} 7. Bb2 {[%emt 00:00:16]} a4 {[%emt
00:00:07]} 8. Nd5 {[%emt 00:02:18]} Be6 {[%emt 00:04:50]} 9. Bxf6 {[%emt
00:07:27]} gxf6 {[%emt 00:00:17]} 10. b4 {[%emt 00:00:22]} Ne5 {[%emt
00:02:11]} 11. Qc3 {[%emt 00:10:38]} c6 {[%emt 00:02:13]} 12. f4 {[%emt
00:00:51]} cxd5 {[%emt 00:01:47]} 13. fxe5 {[%emt 00:00:33]} fxe5 {[%emt
00:01:23]} 14. cxd5 {[%emt 00:05:02]} Bxd5 {[%emt 00:03:47]} 15. Nf3 {[%emt
00:00:04]} Bg7 {[%emt 00:00:43]} 16. e4 {[%emt 00:01:37]} Bxe4 {[%emt
00:01:46]} 17. Bb5+ {[%emt 00:00:06]} Kf8 {[%emt 00:00:14]} 18. O-O {[%emt
00:06:16]} Qb6+ {[%emt 00:01:21]} 19. Rf2 {[%emt 00:01:55]} Bg6 {[%emt
00:04:28]} 20. Ng5 {[%emt 00:01:44]} Bf6 {[%emt 00:00:23]} 21. Nxf7 {[%emt
00:05:54]} Kxf7 {[%emt 00:25:26]} 22. Qf3 {[%emt 00:00:22]} d5 {[%emt
00:00:06]} 23. Raf1 {[%emt 00:06:07]} Rhc8 {[%emt 00:00:53]} 24. Kh1 {[%emt
00:10:34]} Kg7 {[%emt 00:02:11]} 25. Qxd5 {[%emt 00:01:03]} Rf8 {[%emt
00:00:13]} 26. g4 {[%emt 00:06:25]} Rad8 {[%emt 00:02:38]} 27. Bd7 {[%emt
00:00:12]} Qd4 {[%emt 00:00:56]} 0-1

[Event "XXVIII Torneo Magistral Internacional de Elgoibar"]
[Site "Elgoibar"]
[Date "2018.12.14"]
[Round "4.5"]
[White "Suarez Garcia, Carlos"]
[Black "Starostits, Ilmars"]
[Result "1/2-1/2"]
[WhiteTitle "IM"]
[BlackTitle "GM"]
[WhiteFideId "22230858"]
[BlackFideId "11600748"]
[WhiteElo "2449"]
[BlackElo "2458"]

1. d4 {[%emt 00:21:48]} d5 {[%emt 00:03:58]} 2. c4 {[%emt 00:00:23]} dxc4
{[%emt 00:00:17]} 3. e3 {[%emt 00:00:20]} e5 {[%emt 00:00:05]} 4. Bxc4 {[%emt
00:00:06]} exd4 {[%emt 00:00:03]} 5. exd4 {[%emt 00:00:07]} Nf6 {[%emt
00:00:03]} 6. Nf3 {[%emt 00:00:22]} Bd6 {[%emt 00:00:38]} 7. Qe2+ {[%emt
00:00:04]} Qe7 {[%emt 00:00:06]} 8. Qxe7+ {[%emt 00:00:05]} Bxe7 {[%emt
00:00:08]} 9. Nc3 {[%emt 00:01:11]} O-O {[%emt 00:06:04]} 10. O-O {[%emt
00:00:15]} Nc6 {[%emt 00:00:18]} 11. Re1 {[%emt 00:02:04]} Bd6 {[%emt
00:00:37]} 12. Bg5 {[%emt 00:02:52]} Bf5 {[%emt 00:05:22]} 13. Bxf6 {[%emt
00:12:30]} gxf6 {[%emt 00:00:04]} 14. Bd5 {[%emt 00:03:31]} Kg7 {[%emt
00:07:11]} 15. Nh4 {[%emt 00:18:50]} Bg6 {[%emt 00:02:37]} 16. Bxc6 {[%emt
00:07:36]} bxc6 {[%emt 00:00:05]} 17. Nxg6 {[%emt 00:00:04]} hxg6 {[%emt
00:00:18]} 18. Rac1 {[%emt 00:00:10]} Rab8 {[%emt 00:01:21]} 19. b3 {[%emt
00:02:43]} Rfe8 {[%emt 00:08:10]} 20. Rxe8 {[%emt 00:00:17]} Rxe8 {[%emt
00:00:04]} 21. Kf1 {[%emt 00:00:30]} c5 {[%emt 00:02:14]} 22. dxc5 {[%emt
00:01:56]} Bxc5 {[%emt 00:00:08]} 23. Nd5 {[%emt 00:01:25]} Bb6 {[%emt
00:03:02]} 24. Nxc7 {[%emt 00:01:04]} Rd8 {[%emt 00:01:08]} 25. Rc2 {[%emt
00:00:16]} f5 {[%emt 00:02:40]} 26. Nb5 {[%emt 00:03:30]} Rd1+ {[%emt
00:00:31]} 27. Ke2 {[%emt 00:00:05]} Rg1 {[%emt 00:00:04]} 28. Kf3 {[%emt
00:00:45]} g5 {[%emt 00:00:40]} 29. h3 {[%emt 00:01:06]} g4+ {[%emt 00:00:15]}
30. hxg4 {[%emt 00:01:30]} fxg4+ {[%emt 00:00:03]} 31. Kxg4 {[%emt 00:00:15]}
Rxg2+ {[%emt 00:00:07]} 32. Kf3 {[%emt 00:00:03]} Rh2 {[%emt 00:00:53]} 33. Nd6
{[%emt 00:02:14]} Kf6 {[%emt 00:01:23]} 34. Re2 {[%emt 00:07:19]} Rh3+ {[%emt
00:01:25]} 35. Kg4 {[%emt 00:00:20]} Rd3 {[%emt 00:00:20]} 36. Nc4 {[%emt
00:01:10]} Bc7 {[%emt 00:02:20]} 37. Re8 {[%emt 00:02:40]} Bd8 {[%emt
00:02:30]} 38. Kf4 {[%emt 00:01:08]} Rd1 {[%emt 00:01:58]} 39. Kf3 {[%emt
00:01:34]} a5 {[%emt 00:01:37]} 40. Ke2 {[%emt 00:00:57]} Rd5 {[%emt 00:01:00]}
41. a4 {[%emt 00:01:27]} Be7 {[%emt 00:01:20]} 42. Rb8 {[%emt 00:05:07]} Bb4
{[%emt 00:00:07]} 43. Rb5 {[%emt 00:02:33]} Ke6 {[%emt 00:00:22]} 44. Rb6+
{[%emt 00:02:37]} Ke7 {[%emt 00:02:18]} 45. f4 {[%emt 00:00:39]} Rh5 {[%emt
00:03:20]} 46. Kd3 {[%emt 00:00:23]} Rh3+ {[%emt 00:03:40]} 47. Ke4 {[%emt
00:00:05]} Rxb3 {[%emt 00:01:55]} 48. Nxa5 {[%emt 00:00:14]} Re3+ {[%emt
00:00:05]} 49. Kxe3 {[%emt 00:00:09]} Bc5+ {[%emt 00:00:02]} 50. Ke4 {[%emt
00:00:13]} Bxb6 {[%emt 00:00:03]} 51. Nc4 {[%emt 00:00:08]} Bf2 {[%emt
00:03:46]} 52. Kd5 {[%emt 00:01:25]} Bg3 {[%emt 00:02:00]} 53. Kc6 {[%emt
00:01:51]} Be1 {[%emt 00:01:20]} 54. Kd5 {[%emt 00:00:53]} Kf6 {[%emt
00:00:45]} 55. Ke4 {[%emt 00:00:58]} Ke6 {[%emt 00:00:52]} 56. f5+ {[%emt
00:00:09]} Kd7 {[%emt 00:00:21]} 57. Ne5+ {[%emt 00:00:38]} Ke7 {[%emt
00:00:41]} 58. a5 {[%emt 00:00:53]} Kd6 {[%emt 00:01:26]} 59. Nxf7+ {[%emt
00:10:20]} Kc7 {[%emt 00:00:43]} 60. Ne5 {[%emt 00:01:47]} Bxa5 {[%emt
00:01:00]} 61. Kd5 {[%emt 00:00:37]} Bb4 {[%emt 00:03:34]} 62. f6 {[%emt
00:00:27]} Ba3 {[%emt 00:00:56]} 63. Ke6 {[%emt 00:00:42]} Bb2 {[%emt
00:03:45]} 64. f7 {[%emt 00:00:31]} Ba3 {[%emt 00:00:04]} 65. Ng6 {[%emt
00:01:48]} Kd8 {[%emt 00:00:15]} 66. Nh4 {[%emt 00:00:04]} Bb4 {[%emt
00:01:04]} 67. Nf5 {[%emt 00:00:10]} Bf8 {[%emt 00:00:05]} 68. Nd6 {[%emt
00:00:17]} Kc7 {[%emt 00:00:53]} 69. Nb5+ {[%emt 00:00:12]} Kc6 {[%emt
00:01:27]} 70. Nd4+ {[%emt 00:00:01]} Kc7 71. Nf3 {[%emt 00:00:30]} Ba3 {[%emt
00:01:54]} 72. Ne5 {[%emt 00:01:20]} Bb4 {[%emt 00:01:11]} 73. Nd3 {[%emt
00:00:37]} Ba3 {[%emt 00:01:38]} 74. Nf4 Kd8 {[%emt 00:00:33]} 75. Nd5 {[%emt
00:00:38]} Bc5 {[%emt 00:00:39]} 76. Nf6 {[%emt 00:00:07]} Ba3 {[%emt
00:00:47]} 77. Nd7 {[%emt 00:00:28]} Kc7 {[%emt 00:01:08]} 78. Ne5 {[%emt
00:00:10]} Bb4 {[%emt 00:00:25]} 79. Kf6 {[%emt 00:00:18]} Ba3 {[%emt
00:01:16]} 80. Nd3 {[%emt 00:00:41]} Kd8 {[%emt 00:01:31]} 81. Ke6 {[%emt
00:00:42]} Kc7 {[%emt 00:00:43]} 82. Nf4 {[%emt 00:00:06]} Kd8 {[%emt
00:00:56]} 83. Nh5 {[%emt 00:00:11]} Kc7 {[%emt 00:00:39]} 84. Ng7 {[%emt
00:00:11]} Bf8 {[%emt 00:02:04]} 85. Ne8+ {[%emt 00:00:03]} Kc6 {[%emt
00:00:14]} 86. Nf6 {[%emt 00:00:05]} Kc7 {[%emt 00:00:28]} 87. Nd7 {[%emt
00:00:54]} Ba3 {[%emt 00:00:30]} 88. Nf6 {[%emt 00:00:13]} Bf8 {[%emt
00:00:14]} 89. Ne4 {[%emt 00:00:20]} Ba3 {[%emt 00:00:27]} 90. Nc3 {[%emt
00:00:01]} Bf8 {[%emt 00:00:25]} 91. Ke5 {[%emt 00:01:17]} Kd7 {[%emt
00:00:25]} 92. Kf6 {[%emt 00:00:03]} Ba3 {[%emt 00:00:26]} 93. Na4 {[%emt
00:00:38]} Kd8 {[%emt 00:00:49]} 94. Kf5 {[%emt 00:00:42]} Ke7 {[%emt
00:00:27]} 95. Kg6 {[%emt 00:00:03]} Kd8 {[%emt 00:00:32]} 96. Nb6 {[%emt
00:00:43]} Bb4 {[%emt 00:00:39]} 97. Kf6 {[%emt 00:00:04]} Ba3 {[%emt
00:00:19]} 98. Ke6 {[%emt 00:00:17]} Kc7 {[%emt 00:00:58]} 99. Na4 {[%emt
00:00:04]} Bf8 {[%emt 00:00:21]} 100. Nc3 {[%emt 00:00:04]} Bc5 {[%emt
00:03:01]} 101. Nd5+ {[%emt 00:02:31]} Kd8 {[%emt 00:00:16]} 102. Kf6 {[%emt
00:00:05]} Ba3 {[%emt 00:00:26]} 103. Kg7 {[%emt 00:00:14]} Bb2+ {[%emt
00:00:39]} 104. Nf6 {[%emt 00:00:19]} Ba3 {[%emt 00:00:03]} 105. Ne8 {[%emt
00:00:10]} Bb2+ {[%emt 00:00:12]} 106. Kg6 {[%emt 00:00:05]} Ba3 {[%emt
00:00:05]} 107. Kf6 {[%emt 00:00:03]} Kd7 {[%emt 00:00:20]} 108. Ng7 {[%emt
00:00:13]} Bb2+ {[%emt 00:00:10]} 109. Kg6 {[%emt 00:00:03]} Ba3 {[%emt
00:00:05]} 110. Nh5 {[%emt 00:00:38]} Kd8 {[%emt 00:00:46]} 111. Nf6 {[%emt
00:00:20]} Bb4 {[%emt 00:00:17]} 112. Nd7 {[%emt 00:00:04]} 1/2-1/2

[Event "XXVIII Torneo Magistral Internacional de Elgoibar"]
[Site "Elgoibar"]
[Date "2018.12.15"]
[Round "5.1"]
[White "Starostits, Ilmars"]
[Black "Huerga Leache, Mikel"]
[Result "1/2-1/2"]
[WhiteTitle "GM"]
[BlackTitle "IM"]
[WhiteFideId "11600748"]
[BlackFideId "2268795"]
[WhiteElo "2458"]
[BlackElo "2448"]

1. e4 e6 2. d4 d5 3. Nc3 Bb4 4. e5 c5 5. a3 Ba5 6. b4 cxd4 7. Nb5 Bc7 8. f4 Bd7
9. Nf3 Nh6 10. Nxc7+ Qxc7 11. Bd3 O-O 12. Bb2 Nc6 13. Nxd4 {[%emt 00:09:31]}
Nxd4 {[%emt 00:00:08]} 14. Bxd4 {[%emt 00:00:04]} Nf5 {[%emt 00:00:25]} 15.
Bxf5 {[%emt 00:02:07]} exf5 {[%emt 00:00:15]} 16. a4 {[%emt 00:01:20]} Qc4
{[%emt 00:05:54]} 17. c3 {[%emt 00:01:36]} Be6 {[%emt 00:00:11]} 18. h4 {[%emt
00:01:22]} Rfe8 {[%emt 00:01:57]} 19. Rh3 {[%emt 00:03:40]} Kh8 {[%emt
00:02:16]} 20. Kf2 {[%emt 00:02:22]} Rg8 {[%emt 00:00:36]} 21. h5 {[%emt
00:00:33]} h6 {[%emt 00:04:57]} 22. Qd2 {[%emt 00:03:54]} Kh7 {[%emt 00:01:40]}
23. Qc2 {[%emt 00:05:47]} Rac8 {[%emt 00:04:07]} 24. Ke3 {[%emt 00:06:18]} g5
{[%emt 00:01:26]} 25. hxg6+ {[%emt 00:01:02]} Rxg6 {[%emt 00:02:42]} 26. g4
{[%emt 00:11:21]} Rxg4 {[%emt 00:03:38]} 27. Qh2 {[%emt 00:06:12]} Kg7 {[%emt
00:06:28]} 28. Rxh6 {[%emt 00:06:15]} Rg8 {[%emt 00:01:42]} 29. Rh1 {[%emt
00:14:26]} Kf8 {[%emt 00:02:56]} 30. Rh8 {[%emt 00:00:17]} Ke8 {[%emt
00:04:20]} 31. Rxg8+ {[%emt 00:04:16]} Rxg8 {[%emt 00:00:07]} 32. Rg1 {[%emt
00:01:30]} Rxg1 {[%emt 00:00:35]} 33. Qxg1 {[%emt 00:00:02]} Kd7 {[%emt
00:01:31]} 34. Qg8 {[%emt 00:05:53]} Qf1 {[%emt 00:00:01]} 35. Qb8 {[%emt
00:00:13]} 1/2-1/2

[Event "XXVIII Torneo Magistral Internacional de Elgoibar"]
[Site "Elgoibar"]
[Date "2018.12.15"]
[Round "5.2"]
[White "Strikovic, Aleksa"]
[Black "Suarez Garcia, Carlos"]
[Result "1/2-1/2"]
[WhiteTitle "GM"]
[BlackTitle "IM"]
[WhiteFideId "900150"]
[BlackFideId "22230858"]
[WhiteElo "2488"]
[BlackElo "2449"]

1. e4 c5 2. c3 Qa5 3. Nf3 Nc6 4. g3 Nf6 5. d3 d6 6. Bg2 g6 7. O-O Bg7 8. Nbd2
O-O 9. Nc4 Qc7 10. a4 b6 11. Re1 e5 12. Bd2 h6 13. h3 Be6 1/2-1/2

[Event "XXVIII Torneo Magistral Internacional de Elgoibar"]
[Site "Elgoibar"]
[Date "2018.12.15"]
[Round "5.3"]
[White "Oratovsky, Michael"]
[Black "Napoli, Nicolo"]
[Result "1/2-1/2"]
[WhiteTitle "GM"]
[BlackTitle "FM"]
[WhiteFideId "2802090"]
[BlackFideId "813702"]
[WhiteElo "2464"]
[BlackElo "2289"]

1. e4 e6 2. d4 d5 3. Nd2 Nc6 4. Ngf3 Nf6 5. e5 Nd7 6. Bd3 f6 7. exf6 Qxf6 8.
Nf1 e5 9. Ne3 Nxd4 10. Nxd4 exd4 11. Nxd5 Qe5+ 12. Qe2 Kd8 1/2-1/2

[Event "XXVIII Torneo Magistral Internacional de Elgoibar"]
[Site "Elgoibar"]
[Date "2018.12.15"]
[Round "5.5"]
[White "Moreno Ruiz, Javier"]
[Black "Velten, Paul"]
[Result "1/2-1/2"]
[WhiteTitle "IM"]
[BlackTitle "GM"]
[WhiteFideId "2203146"]
[BlackFideId "681091"]
[WhiteElo "2450"]
[BlackElo "2485"]

1. d4 {[%emt 19:46:21]} Nf6 2. c4 e6 3. Nc3 Bb4 4. e3 O-O 5. Nge2 Re8 6. a3 Bf8
7. Ng3 d5 8. Be2 Nbd7 {[%emt 00:05:35]} 9. O-O {[%emt 00:00:47]} dxc4 {[%emt
00:00:30]} 10. Bxc4 {[%emt 00:00:15]} c5 {[%emt 00:00:09]} 11. dxc5 {[%emt
00:01:01]} Bxc5 {[%emt 00:00:45]} 12. b4 {[%emt 00:01:03]} Be7 {[%emt
00:00:11]} 13. Bb2 {[%emt 00:00:18]} Nb6 {[%emt 00:00:24]} 14. Be2 {[%emt
00:03:53]} Qxd1 {[%emt 00:02:04]} 15. Rfxd1 {[%emt 00:00:11]} Bd7 {[%emt
00:00:37]} 16. Nb5 {[%emt 00:05:03]} Red8 {[%emt 00:05:29]} 17. Bd4 {[%emt
00:05:42]} Nbd5 {[%emt 00:05:05]} 18. Rdc1 {[%emt 00:09:09]} 1/2-1/2

[Event "XXVIII Torneo Magistral Internacional de Elgoibar"]
[Site "Elgoibar"]
[Date "2018.12.15"]
[Round "6.1"]
[White "Huerga Leache, Mikel"]
[Black "Velten, Paul"]
[Result "0-1"]
[WhiteTitle "IM"]
[BlackTitle "GM"]
[WhiteFideId "2268795"]
[BlackFideId "681091"]
[WhiteElo "2448"]
[BlackElo "2485"]

1. e4 {[%emt 00:02:25]} e5 {[%emt 00:01:38]} 2. Bc4 {[%emt 00:03:04]} Nf6
{[%emt 00:00:17]} 3. d3 {[%emt 00:00:05]} c6 {[%emt 00:00:06]} 4. Nf3 {[%emt
00:00:06]} d5 {[%emt 00:00:07]} 5. Bb3 {[%emt 00:00:05]} Bb4+ {[%emt 00:01:09]}
6. Bd2 {[%emt 00:01:22]} Bxd2+ {[%emt 00:00:07]} 7. Qxd2 {[%emt 00:01:58]} Qe7
{[%emt 00:04:08]} 8. Nc3 {[%emt 00:03:50]} dxe4 {[%emt 00:01:07]} 9. Nxe4
{[%emt 00:01:05]} Nxe4 {[%emt 00:00:20]} 10. dxe4 {[%emt 00:00:13]} O-O {[%emt
00:00:06]} 11. O-O-O {[%emt 00:00:59]} Bg4 {[%emt 00:00:28]} 12. h3 {[%emt
00:07:39]} Bxf3 {[%emt 00:00:34]} 13. gxf3 {[%emt 00:00:02]} Na6 {[%emt
00:02:40]} 14. Rhg1 {[%emt 00:01:10]} Rad8 {[%emt 00:02:59]} 15. Qh6 {[%emt
00:00:59]} Rxd1+ {[%emt 00:00:10]} 16. Kxd1 {[%emt 00:00:06]} Rd8+ {[%emt
00:00:11]} 17. Kc1 {[%emt 00:00:44]} g6 {[%emt 00:00:10]} 18. f4 {[%emt
00:03:51]} exf4 {[%emt 00:02:58]} 19. Qxf4 {[%emt 00:00:22]} Nc5 {[%emt
00:00:10]} 20. h4 {[%emt 00:04:52]} Nxe4 {[%emt 00:07:39]} 21. Re1 {[%emt
00:02:11]} Nc3 {[%emt 00:00:44]} 22. Qxf7+ {[%emt 00:05:57]} Qxf7 {[%emt
00:00:15]} 23. Bxf7+ {[%emt 00:00:11]} Kxf7 {[%emt 00:00:08]} 24. bxc3 {[%emt
00:00:03]} Rd5 {[%emt 00:00:10]} 25. Kb2 {[%emt 00:00:17]} Rb5+ {[%emt
00:00:14]} 26. Ka3 {[%emt 00:00:09]} Rf5 {[%emt 00:00:09]} 27. Rd1 {[%emt
00:00:28]} Ke7 {[%emt 00:00:27]} 28. Re1+ {[%emt 00:00:17]} Kd7 {[%emt
00:00:36]} 29. Rd1+ {[%emt 00:00:05]} Kc7 {[%emt 00:00:09]} 30. Re1 {[%emt
00:00:04]} Kd6 {[%emt 00:01:50]} 31. Rd1+ {[%emt 00:00:20]} Rd5 {[%emt
00:00:47]} 32. Rf1 {[%emt 00:01:29]} Rh5 {[%emt 00:00:17]} 33. Rh1 {[%emt
00:00:58]} Ke5 {[%emt 00:03:20]} 34. Re1+ {[%emt 00:00:27]} Kf6 {[%emt
00:00:09]} 35. Re4 {[%emt 00:00:23]} Rf5 {[%emt 00:00:19]} 36. Rd4 {[%emt
00:00:27]} Ke6 {[%emt 00:04:25]} 37. Re4+ {[%emt 00:00:23]} Kd7 {[%emt
00:00:04]} 38. Rd4+ {[%emt 00:00:12]} Kc8 {[%emt 00:00:07]} 39. Re4 {[%emt
00:01:22]} Rxf2 {[%emt 00:00:17]} 40. Re7 {[%emt 00:00:15]} h5 {[%emt
00:01:32]} 41. Kb3 {[%emt 00:01:36]} Rf4 42. Rg7 Rg4 43. c4 {[%emt 00:00:25]}
b6 {[%emt 00:00:21]} 44. c5 {[%emt 00:05:32]} bxc5 {[%emt 00:00:19]} 45. Rxa7
{[%emt 00:00:47]} Rxh4 {[%emt 00:00:06]} 46. Rg7 {[%emt 00:00:06]} Rb4+ {[%emt
00:00:51]} 47. Kc3 {[%emt 00:00:07]} Rg4 {[%emt 00:00:04]} 48. a4 {[%emt
00:00:16]} h4 {[%emt 00:00:34]} 49. a5 {[%emt 00:00:06]} Kb8 {[%emt 00:00:06]}
50. a6 {[%emt 00:00:32]} g5 {[%emt 00:00:08]} 51. Rh7 {[%emt 00:00:33]} Ra4
{[%emt 00:00:42]} 52. Rh5 {[%emt 00:00:07]} h3 {[%emt 00:01:19]} 53. Kd4 {[%emt
00:14:45]} Kc7+ {[%emt 00:00:14]} 54. Kc3 {[%emt 00:00:06]} 0-1